| 000 | 00975nam a2200289 i 4500 | ||
|---|---|---|---|
| 001 | 7505 | ||
| 003 | ES-MaACL | ||
| 005 | 20230906145241.0 | ||
| 007 | t| | ||
| 008 | 910124s1990 sp ||||1| spa d | ||
| 020 | _a84-86421-65-9 | ||
| 080 | _a332.1(46)BBV"1987/1990" | ||
| 080 | _a338(46)"1987/1990" | ||
| 080 | _a332:92 Sanchez Asiain, Jose Angel | ||
| 100 | 1 |
_aAmigot, Mikel. _921245 |
|
| 245 | 1 | 0 |
_aNeguri / _cMikel Amigot. |
| 250 | _a1a ed. | ||
| 260 |
_aBarcelona : _bTibidabo, _c1990. |
||
| 300 |
_a224 p. ; _c21 cm. |
||
| 490 | 1 | _aTibidabo actualidad | |
| 500 | _aTit. de la cub.: Neguri : Asiain y las tres losas de la banca vasca : la connivencia con ETA, la muerte de Pedro Toledo y la traicion de Felipe Gonzalez. | ||
| 600 | 1 | 4 |
_aSánchez Asiaín, José Angel. _9102472 |
| 610 | 2 |
_aBanco Bilbao Vizcaya- _vHistoria. _92088 |
|
| 830 | 0 |
_aTibidabo actualidad _9227903 |
|
| 852 |
_aES-MaACL _jL-14768 _bR.118644 _z. - rust. |
||
| 999 |
_c7505 _d7505 |
||